000 00670cam a22002534a 4500
003 UPN
005 20250903063914.0
008 090212s2002 mx r 000 f spa d
020 _a970688159X
035 _aUPN01000169211
040 _aUPN
_bspa
_cUPN
049 _aCG
050 4 _aPQ7298.29 A54
_bR46 2002a
100 1 _aSandoval, Jaime Alfonso,
_d1972-
_930609
245 1 0 _aRepública mutante.
250 _aPrimera edición
260 _aMéxico :
_bSM,
_c2002.
300 _a215 páginas
490 0 _aGran angular ;
_v11
650 4 _aNovela mexicana
_94557
650 4 _aLiteratura mexicana
_ySiglo XXI
_917492
905 _aLibro
942 _2lcc
_cLIBRO
999 _c141317
_d141317